[Event "Budapest FS04 IM"]
[Site "Budapest"]
[Date "2024.04.10"]
[Round "4"]
[White "Sahithi Varshini, M."]
[Black "Orujov, Farid"]
[Result "1-0"]
[WhiteElo "2255"]
[BlackElo "2258"]
[PlyCount "83"]
[EventDate "2024.04.06"]
[EventType "tourn"]
[EventRounds "9"]
[EventCountry "HUN"]
[EventCategory "2"]
[SourceTitle "CB16_2024"]
[SourceDate "2024.04.17"]
[SourceVersion "1"]
[SourceVersionDate "2024.04.17"]
[SourceQuality "1"]

1. d4 d5 2. Nf3 Nf6 3. Bf4 c5 4. e3 Nc6 5. Nbd2 Bg4 6. c3 e6 7. Qb3 Qc8 8. Nh4 Be7 9. h3 Bh5 10. g4 Bg6 11. Nxg6 hxg6 12. Be2 c4 13. Qc2 b5 14. Bf3 Nd7 15. e4 Nb6 16. Nf1 Qd7 17. Ne3 Rc8 18. g5 dxe4 19. Qxe4 Bd6 20. d5 Bxf4 21. Qxf4 Nxd5 22. Nxd5 exd5 23. Bg4 Qe7+ 24. Kf1 0-0 25. Bxc8 Rxc8 26. Kg2 Qe2 27. Qg4 Qe8 28. Rhe1 Qd8 29. Rad1 Rc7 30. h4 Rd7 31. h5 Ne7 32. hxg6 Nxg6 33. f4 Re7 34. f5 Ne5 35. Qh4 Nd3 36. Rh1 Re2+ 37. Kf1 Rf2+ 38. Kg1 Kf8 39. Qh8+ Ke7 40. Qxd8+ Kxd8 41. Rxd3 Rxf5 42. Rg3 1-0

[Event "Budapest FS03 IM-2"]
[Site "Budapest"]
[Date "2024.03.24"]
[Round "9"]
[White "Sahithi Varshini, M."]
[Black "Doraszelski, Alexander"]
[Result "1/2-1/2"]
[WhiteElo "2213"]
[BlackElo "2279"]
[PlyCount "70"]
[EventDate "2024.03.14"]
[EventType "tourn"]
[EventRounds "9"]
[EventCountry "HUN"]
[SourceTitle "CB15_2024"]
[SourceDate "2024.04.10"]
[SourceVersion "1"]
[SourceVersionDate "2024.04.10"]
[SourceQuality "1"]

1. e4 c5 2. Nf3 d6 3. d4 cxd4 4. Nxd4 Nf6 5. Nc3 a6 6. Bd3 e5 7. Nde2 Be7 8. 0-0 0-0 9. Ng3 Bg4 10. Qe1 Be6 11. Kh1 Nc6 12. f4 exf4 13. Bxf4 Ne5 14. Nce2 Qb6 15. b3 Rac8 16. Qd2 Nfg4 17. h3 Nf2+ 18. Kh2 g6 19. Ng1 Nfxd3 20. cxd3 Nc6 21. Be3 Qa5 22. Qb2 f6 23. Bh6 Rf7 24. N1e2 Bf8 25. Bd2 Qd8 26. Nf4 Bd7 27. Bc3 Bg7 28. Nd5 Ne5 29. d4 Nc6 30. Rf2 Ne7 31. Ne3 Qc7 32. Nc4 Nc6 33. Ne3 Ne7 34. Nc4 Nc6 35. Ne3 Ne7 1/2-1/2

[Event "Budapest FS03 IM-2"]
[Site "Budapest"]
[Date "2024.03.23"]
[Round "8"]
[White "Ongut, Tamas Gunes"]
[Black "Sahithi Varshini, M."]
[Result "1-0"]
[WhiteElo "2263"]
[BlackElo "2213"]
[PlyCount "91"]
[EventDate "2024.03.14"]
[EventType "tourn"]
[EventRounds "9"]
[EventCountry "HUN"]
[SourceTitle "CB15_2024"]
[SourceDate "2024.04.10"]
[SourceVersion "1"]
[SourceVersionDate "2024.04.10"]
[SourceQuality "1"]

1. d4 d5 2. c4 c6 3. Nf3 Nf6 4. e3 Bf5 5. Nc3 e6 6. Nh4 Be4 7. f3 Bg6 8. Bd2 dxc4 9. Bxc4 b5 10. Nxg6 hxg6 11. Bd3 Nbd7 12. Qc2 a6 13. 0-0-0 c5 14. Kb1 Qb6 15. dxc5 Bxc5 16. Ne4 Nxe4 17. Bxe4 Rd8 18. a4 0-0 19. a5 Qa7 20. h4 f5 21. Bd3 Be7 22. Bc3 Qc7 23. Rc1 Ne5 24. Be2 b4 25. Bd4 Qxa5 26. Qc7 Qxc7 27. Rxc7 Bd6 28. Ra7 a5 29. h5 gxh5 30. Rxh5 Rf7 31. Ra6 Ng6 32. Bc4 Nf8 33. Rxa5 f4 34. Ra6 fxe3 35. Bxe3 Bf4 36. Bc5 b3 37. Bxb3 Rb7 38. Bc2 Rdb8 39. Bd4 Rd7 40. Bc3 Bd2 41. Be5 Rc8 42. f4 Rc5 43. Ra8 Kf7 44. Bd6 Rxd6 45. Rxc5 Bxf4 46. Rc7+ 1-0

[Event "Budapest FS03 IM-2"]
[Site "Budapest"]
[Date "2024.03.18"]
[Round "4"]
[White "Sahithi Varshini, M."]
[Black "Ilincic, Zlatko"]
[Result "1-0"]
[WhiteElo "2213"]
[BlackElo "2261"]
[PlyCount "69"]
[EventDate "2024.03.14"]
[EventType "tourn"]
[EventRounds "9"]
[EventCountry "HUN"]
[SourceTitle "CB15_2024"]
[SourceDate "2024.04.10"]
[SourceVersion "1"]
[SourceVersionDate "2024.04.10"]
[SourceQuality "1"]

1. d4 Nf6 2. c4 e6 3. g3 Bb4+ 4. Bd2 c5 5. Bxb4 cxb4 6. Bg2 a5 7. Nf3 d6 8. a3 Na6 9. 0-0 Bd7 10. Re1 Bc6 11. axb4 Nxb4 12. Nc3 d5 13. cxd5 exd5 14. Ne5 0-0 15. Qd2 Qd6 16. Rec1 Rfc8 17. h4 Be8 18. g4 Nd7 19. Nd3 Nxd3 20. Qxd3 Nb6 21. e4 Qf4 22. Qf3 Qh6 23. Qg3 Rc4 24. g5 Qc6 25. b3 Rxc3 26. Rxc3 Qe6 27. exd5 Nxd5 28. Rc5 Nb6 29. Kh2 Rd8 30. Re5 Qd7 31. Rae1 Kf8 32. d5 Nc8 33. Bh3 Qb5 34. d6 Qc6 35. Rxe8+ 1-0

[Event "Budapest FS03 IM-2"]
[Site "Budapest"]
[Date "2024.03.16"]
[Round "3"]
[White "Varga, Zoltan"]
[Black "Sahithi Varshini, M."]
[Result "0-1"]
[WhiteElo "2348"]
[BlackElo "2213"]
[PlyCount "76"]
[EventDate "2024.03.14"]
[EventType "tourn"]
[EventRounds "9"]
[EventCountry "HUN"]
[SourceTitle "CB15_2024"]
[SourceDate "2024.04.10"]
[SourceVersion "1"]
[SourceVersionDate "2024.04.10"]
[SourceQuality "1"]

1. d4 d5 2. Nf3 Nf6 3. g3 Bf5 4. Bg2 e6 5. c4 c6 6. Qb3 Qb6 7. Nc3 h6 8. 0-0 Be7 9. Re1 0-0 10. c5 Qxb3 11. axb3 Nbd7 12. b4 b6 13. Bf4 g5 14. Be3 a5 15. b5 cxb5 16. c6 Nb8 17. c7 Na6 18. Nxb5 Rfc8 19. Rec1 Ne8 20. Rc6 Nb4 21. Rxb6 Nxc7 22. Nxc7 Rxc7 23. h4 Nc2 24. Rc1 Rac8 25. hxg5 Nxe3 26. Rxc7 Rxc7 27. fxe3 hxg5 28. Ne5 Bb1 29. g4 Bb4 30. Nc6 Bd2 31. Kf2 a4 32. Ne5 Bc2 33. Nf3 Bc1 34. Ne1 Bb1 35. Rb4 Rc4 36. Rb7 Bg6 37. Nf3 Rc2 38. Ra7 Rxb2 0-1

[Event "Wch Blitz (Women)"]
[Site "Samarkand"]
[Date "2023.12.29"]
[Round "8"]
[White "Poliakova, Varvara"]
[Black "Sahithi Varshini, M."]
[Result "0-1"]
[WhiteElo "1959"]
[BlackElo "2181"]
[PlyCount "56"]
[EventDate "2023.12.29"]
[EventType "swiss (blitz)"]
[EventRounds "17"]
[EventCountry "UZB"]
[SourceTitle "CB01_2024"]
[SourceDate "2024.01.03"]
[SourceVersion "1"]
[SourceVersionDate "2024.01.03"]
[SourceQuality "1"]

1. e4 c5 2. Nf3 e6 3. d4 cxd4 4. Nxd4 Nf6 5. Nc3 Nc6 6. Ndb5 Bb4 7. a3 Bxc3+ 8. Nxc3 d5 9. exd5 exd5 10. Qe2+ Be6 11. Bg5 h6 12. Bxf6 Qxf6 13. 0-0-0 d4 14. Ne4 Qf4+ 15. Kb1 0-0 16. g3 Qe5 17. f4 Qd5 18. b3 Qa5 19. Kb2 Rfe8 20. Bg2 Bd5 21. Rhe1 f5 22. b4 Nxb4 23. Rxd4 Nxc2 24. Kxc2 fxe4 25. Rb4 Qxa3 26. Reb1 Rac8+ 27. Kd1 Qc3 28. Bf1 Red8 0-1

[Event "Wch Blitz (Women)"]
[Site "Samarkand"]
[Date "2023.12.29"]
[Round "5"]
[White "Sahithi Varshini, M."]
[Black "Buksa, Nataliya"]
[Result "0-1"]
[WhiteElo "2181"]
[BlackElo "2388"]
[PlyCount "122"]
[EventDate "2023.12.29"]
[EventType "swiss (blitz)"]
[EventRounds "17"]
[EventCountry "UZB"]
[SourceTitle "CB01_2024"]
[SourceDate "2024.01.03"]
[SourceVersion "1"]
[SourceVersionDate "2024.01.03"]
[SourceQuality "1"]

1. e4 c5 2. Nf3 Nc6 3. Bb5 Nf6 4. Bxc6 dxc6 5. d3 Qc7 6. Nc3 e5 7. h3 h6 8. a4 Be6 9. Be3 Be7 10. 0-0 g5 11. Nh2 0-0-0 12. Qe2 Rdg8 13. f3 h5 14. g4 hxg4 15. hxg4 Qd7 16. Kg2 Rh7 17. Rh1 Rgh8 18. Rag1 Rh4 19. Bxg5 Nh5 20. Be3 Nf4+ 21. Bxf4 exf4 22. Nf1 Bxg4 23. fxg4 Rxg4+ 24. Kf3 Rhg8 25. Qh2 Kc7 26. Nd2 Qd4 27. Nd1 Rxg1 28. Qxf4+ Kb6 29. Nc4+ Ka6 30. Nf2 Rxh1 31. Nxh1 Qg1 32. Nf2 Rg2 33. Qd2 Bd8 34. Ne3 Rg6 35. Neg4 Bc7 36. d4 Qg3+ 37. Ke2 Rxg4 38. Nxg4 Qxg4+ 39. Kd3 cxd4 40. Qb4 Qf3+ 41. Kc4 Qe2+ 42. Kb3 Qe3+ 43. Ka2 b6 44. Qc4+ Kb7 45. Qxf7 Qxe4 46. Kb1 Qd5 47. Qf2 a5 48. Qe2 Qh1+ 49. Ka2 Qh7 50. Qd2 Qd7 51. Qe2 Qd5+ 52. Kb1 c5 53. b3 d3 54. Qxd3 Qxd3 55. cxd3 Kc6 56. Kc2 Kd5 57. Kd2 Bf4+ 58. Kc3 Be5+ 59. Kc2 Kd4 60. Kd2 Bf4+ 61. Kc2 Be3 0-1

[Event "Wch Blitz (Women)"]
[Site "Samarkand"]
[Date "2023.12.29"]
[Round "1"]
[White "Sahithi Varshini, M."]
[Black "Muzychuk, Anna"]
[Result "1-0"]
[WhiteElo "2181"]
[BlackElo "2530"]
[PlyCount "73"]
[EventDate "2023.12.29"]
[EventType "swiss (blitz)"]
[EventRounds "17"]
[EventCountry "UZB"]
[SourceTitle "CB01_2024"]
[SourceDate "2024.01.03"]
[SourceVersion "1"]
[SourceVersionDate "2024.01.03"]
[SourceQuality "1"]

1. e4 e5 2. Nf3 Nc6 3. Bb5 a6 4. Ba4 Nf6 5. 0-0 Be7 6. d3 b5 7. Bb3 d6 8. c3 0-0 9. a4 b4 10. a5 bxc3 11. bxc3 Be6 12. Nbd2 Rb8 13. Nc4 Na7 14. Ng5 Bg4 15. f3 Bd7 16. f4 exf4 17. Bxf4 h6 18. Nf3 Nb5 19. Bd2 Be6 20. Bc2 Nxe4 21. dxe4 Bxc4 22. Re1 Re8 23. Ra4 Be6 24. c4 Na7 25. Be3 Nc6 26. Nd4 Nxd4 27. Qxd4 Bf6 28. Qd3 Rb2 29. Bc1 Rb8 30. e5 Bxe5 31. Qh7+ Kf8 32. Rxe5 Qf6 33. Re1 Ke7 34. Qd3 Kf8 35. Bd2 Bd7 36. Raa1 Qh4 37. Rf1 1-0

[Event "Wch Blitz (Women)"]
[Site "Samarkand"]
[Date "2023.12.29"]
[Round "4"]
[White "Zhai, Mo"]
[Black "Sahithi Varshini, M."]
[Result "1/2-1/2"]
[WhiteElo "2339"]
[BlackElo "2181"]
[PlyCount "121"]
[EventDate "2023.12.29"]
[EventType "swiss (blitz)"]
[EventRounds "17"]
[EventCountry "UZB"]
[SourceTitle "CB01_2024"]
[SourceDate "2024.01.03"]
[SourceVersion "1"]
[SourceVersionDate "2024.01.03"]
[SourceQuality "1"]

1. Nf3 d5 2. e3 Nf6 3. c4 c6 4. Nc3 e6 5. b3 Bd6 6. Bb2 Nbd7 7. d4 b6 8. Be2 Bb7 9. 0-0 Rc8 10. Qc2 0-0 11. Rad1 c5 12. dxc5 Nxc5 13. cxd5 Nxd5 14. e4 Nxe4 15. Qxe4 Nxc3 16. Qxb7 Nxe2+ 17. Kh1 Qc7 18. Qe4 Qc2 19. Ng5 Bb8 20. Ba3 Qxe4 21. Nxe4 Rfd8 22. Nd6 Bxd6 23. Rxd6 Nc3 24. Rc1 Nb5 25. Rxd8+ Rxd8 26. Bb4 h6 27. h3 a5 28. Be1 Nd4 29. Rc7 Rd5 30. Rb7 Nc2 31. Bc3 Rd1+ 32. Kh2 Rd6 33. g4 Nb4 34. Bxb4 axb4 35. Ra7 Rd2 36. Kg3 Kh7 37. Rxf7 Rxa2 38. Rb7 Ra6 39. f4 Kg6 40. Kf3 Ra3 41. Rxb6 Rxb3+ 42. Ke4 Rxh3 43. Rxe6+ Kf7 44. Rb6 b3 45. Kf5 Rc3 46. Rb7+ Kf8 47. Kg6 Rc6+ 48. Kf5 Rc5+ 49. Ke4 Rc3 50. Kf5 Kg8 51. Kg6 Rc6+ 52. Kf5 Rc5+ 53. Kg6 Rc6+ 54. Kf5 Rc3 55. Kg6 Rc6+ 56. Kf5 Rf6+ 57. Ke5 Rg6 58. Kf5 Rf6+ 59. Ke5 Rg6 60. Kf5 Rf6+ 61. Ke4 1/2-1/2

[Event "Wch Rapid (Women)"]
[Site "Samarkand"]
[Date "2023.12.28"]
[Round "11"]
[White "Sahithi Varshini, M."]
[Black "Muzychuk, Mariya"]
[Result "1-0"]
[WhiteElo "2181"]
[BlackElo "2510"]
[PlyCount "135"]
[EventDate "2023.12.26"]
[EventType "swiss (rapid)"]
[EventRounds "11"]
[EventCountry "UZB"]
[SourceTitle "CB01_2024"]
[SourceDate "2024.01.03"]
[SourceVersion "1"]
[SourceVersionDate "2024.01.03"]
[SourceQuality "1"]

1. e4 c5 2. Nf3 e6 3. d4 cxd4 4. Nxd4 Nf6 5. Nc3 Nc6 6. a3 Be7 7. Be2 d6 8. 0-0 0-0 9. Be3 Bd7 10. Qd2 Nxd4 11. Bxd4 Bc6 12. f3 d5 13. e5 Nd7 14. Qe3 b6 15. f4 Bc5 16. Bd3 Bxd4 17. Qxd4 Nc5 18. f5 Nxd3 19. cxd3 Qe7 20. Rac1 exf5 21. Rxf5 Qc5 22. Ne2 Qxd4+ 23. Nxd4 Bd7 24. Rf2 Rac8 25. Rfc2 Rxc2 26. Rxc2 Rc8 27. Rxc8+ Bxc8 28. Kf2 Kf8 29. Ke3 Ke7 30. Nc6+ Ke6 31. Nxa7 Bd7 32. Kd4 f6 33. exf6 gxf6 34. b3 Kd6 35. a4 h6 36. g3 h5 37. Nb5+ Bxb5 38. axb5 Ke6 39. b4 Kd6 40. h3 Ke6 41. g4 hxg4 42. hxg4 Kd6 43. Ke3 Ke5 44. d4+ Kd6 45. Kf4 Ke6 46. g5 Ke7 47. Kf5 fxg5 48. Kxg5 Ke6 49. Kg6 Ke7 50. Kf5 Kd6 51. Kf6 Kd7 52. Ke5 Ke7 53. Kxd5 Kd7 54. Ke5 Ke7 55. d5 Kd7 56. d6 Kd8 57. Ke6 Ke8 58. d7+ Kd8 59. Kf6 Kxd7 60. Kf7 Kd6 61. Ke8 Kc7 62. Ke7 Kc8 63. Kd6 Kd8 64. Kc6 Kc8 65. Kxb6 Kb8 66. Ka6 Ka8 67. b6 Kb8 68. b7 1-0

[Event "Wch Rapid (Women)"]
[Site "Samarkand"]
[Date "2023.12.27"]
[Round "8"]
[White "Sahithi Varshini, M."]
[Black "Charochkina, Daria"]
[Result "1/2-1/2"]
[WhiteElo "2181"]
[BlackElo "2301"]
[PlyCount "47"]
[EventDate "2023.12.26"]
[EventType "swiss (rapid)"]
[EventRounds "11"]
[EventCountry "UZB"]
[SourceTitle "CB01_2024"]
[SourceDate "2024.01.03"]
[SourceVersion "1"]
[SourceVersionDate "2024.01.03"]
[SourceQuality "1"]

1. e4 c6 2. Nf3 d5 3. Nc3 dxe4 4. Nxe4 Nf6 5. Qe2 Nxe4 6. Qxe4 Nd7 7. d4 Nf6 8. Qf4 Nd5 9. Qd2 g6 10. Bd3 Bg7 11. 0-0 0-0 12. Re1 Qd6 13. c3 c5 14. dxc5 Qxc5 15. Be4 Rd8 16. Qg5 Be6 17. Qh4 Nf6 18. Bxb7 Rab8 19. Ba6 Bd5 20. Be2 Ne4 21. Ng5 Nxg5 22. Qxg5 Qc6 23. Qg3 Rb7 24. a4 1/2-1/2

[Event "Wch Rapid (Women)"]
[Site "Samarkand"]
[Date "2023.12.27"]
[Round "6"]
[White "Sahithi Varshini, M."]
[Black "Divya, Deshmukh"]
[Result "1-0"]
[WhiteElo "2181"]
[BlackElo "2420"]
[PlyCount "73"]
[EventDate "2023.12.26"]
[EventType "swiss (rapid)"]
[EventRounds "11"]
[EventCountry "UZB"]
[SourceTitle "CB01_2024"]
[SourceDate "2024.01.03"]
[SourceVersion "1"]
[SourceVersionDate "2024.01.03"]
[SourceQuality "1"]

1. e4 c5 2. Nf3 Nc6 3. Bb5 e6 4. Bxc6 bxc6 5. e5 f6 6. d4 cxd4 7. Qxd4 fxe5 8. Qxe5 Nf6 9. b3 Be7 10. Bb2 0-0 11. Nbd2 a5 12. h3 a4 13. c4 c5 14. 0-0 Bb7 15. Ne1 Qc8 16. Nd3 Qc6 17. f3 Bd6 18. Qe3 Qc7 19. Be5 Bxe5 20. Nxe5 d6 21. Nd3 e5 22. Nb2 axb3 23. axb3 d5 24. Nd3 Nd7 25. cxd5 Bxd5 26. Rac1 Rfc8 27. Rfe1 Qb6 28. Nxe5 Nxe5 29. Qxe5 Bxb3 30. Kh1 Bf7 31. Ne4 c4 32. Nd6 Rc5 33. Qe7 Rc7 34. Qe4 Qc6 35. Nxf7 Kxf7 36. Rxc4 Qxe4 37. Rxc7+ 1-0

[Event "Wch Rapid (Women)"]
[Site "Samarkand"]
[Date "2023.12.26"]
[Round "2"]
[White "Kosteniuk, Alexandra"]
[Black "Sahithi Varshini, M."]
[Result "1-0"]
[WhiteElo "2501"]
[BlackElo "2181"]
[PlyCount "57"]
[EventDate "2023.12.26"]
[EventType "swiss (rapid)"]
[EventRounds "11"]
[EventCountry "UZB"]
[SourceTitle "CB01_2024"]
[SourceDate "2024.01.03"]
[SourceVersion "1"]
[SourceVersionDate "2024.01.03"]
[SourceQuality "1"]

1. e4 c5 2. d4 cxd4 3. Qxd4 Nc6 4. Qd3 g6 5. Nc3 Bg7 6. Nf3 Nf6 7. Be2 d6 8. 0-0 Bg4 9. Bg5 Nd7 10. h3 Nc5 11. Qe3 Bxf3 12. Bxf3 Nd4 13. Bd1 h6 14. Bh4 Nde6 15. Rb1 g5 16. Bg3 h5 17. Nd5 a5 18. c3 a4 19. Be2 Be5 20. Bxe5 dxe5 21. Rfd1 Qb8 22. Bb5+ Kf8 23. b4 axb3 24. axb3 Ra3 25. b4 Nb3 26. Nb6 Kg7 27. Nc4 Qa8 28. Nxa3 Qxa3 29. Bc4 1-0

[Event "Budapest FS06 GM"]
[Site "Budapest"]
[Date "2023.06.12"]
[Round "8"]
[White "Low, Zhen Yu Cyrus"]
[Black "Sahithi Varshini, M."]
[Result "1-0"]
[WhiteElo "2416"]
[BlackElo "2249"]
[PlyCount "117"]
[EventDate "2023.06.03"]
[EventType "tourn"]
[EventRounds "9"]
[EventCountry "HUN"]
[EventCategory "6"]
[SourceTitle "CBM 214 Extra"]
[Source "ChessBase"]
[SourceDate "2023.07.31"]
[SourceVersion "1"]
[SourceVersionDate "2023.07.31"]
[SourceQuality "1"]

1. e4 c5 2. Nf3 d6 3. d4 cxd4 4. Qxd4 Nc6 5. Bb5 Bd7 6. Qd3 Nf6 7. c4 g6 8. 0-0 Bg7 9. Nc3 0-0 10. h3 a6 11. Bxc6 Bxc6 12. Nd4 Rc8 13. Be3 Nd7 14. Rac1 Nc5 15. Qc2 Bxd4 16. Bxd4 Ne6 17. Be3 Qa5 18. Nd5 Bxd5 19. exd5 Ng7 20. Qb3 b5 21. cxb5 Qxb5 22. Qxb5 axb5 23. Rc6 Rxc6 24. dxc6 Rc8 25. Rc1 e5 26. b4 Ne8 27. a4 Nc7 28. Bb6 Nd5 29. Ba5 bxa4 30. b5 Kf8 31. b6 Nxb6 32. Bxb6 Ke7 33. Ba7 Ra8 34. c7 Kd7 35. Bb8 Kc8 36. Rc6 Ra5 37. Rxd6 Rc5 38. Rd8+ Kb7 39. c8Q+ Rxc8 40. Rxc8 Kxc8 41. Bxe5 Kd7 42. Kf1 Ke6 43. Bb2 Kd5 44. Ke2 Kc4 45. Ke3 Kb3 46. Bf6 Kc2 47. h4 a3 48. g4 Kd1 49. f4 Ke1 50. f5 Kf1 51. Kf3 Kg1 52. Be5 Kf1 53. Bd4 a2 54. f6 h6 55. Kg3 Ke2 56. Kf4 Kd3 57. Ke5 Kc4 58. Ke4 Kb5 59. Kd5 1-0

[Event "Budapest FS06 GM"]
[Site "Budapest"]
[Date "2023.06.04"]
[Round "2"]
[White "Shahil, Dey"]
[Black "Sahithi Varshini, M."]
[Result "1-0"]
[WhiteElo "2316"]
[BlackElo "2249"]
[PlyCount "113"]
[EventDate "2023.06.03"]
[EventType "tourn"]
[EventRounds "9"]
[EventCountry "HUN"]
[EventCategory "6"]
[SourceTitle "CBM 214 Extra"]
[Source "ChessBase"]
[SourceDate "2023.07.31"]
[SourceVersion "1"]
[SourceVersionDate "2023.07.31"]
[SourceQuality "1"]

1. e4 c5 2. Nc3 d6 3. Nge2 Nf6 4. g3 g6 5. Bg2 Bg7 6. 0-0 Nc6 7. d3 0-0 8. Bg5 Bd7 9. Qd2 Rb8 10. Bh6 b5 11. a3 a5 12. h3 b4 13. axb4 axb4 14. Bxg7 Kxg7 15. Nd5 e6 16. Ne3 d5 17. exd5 exd5 18. g4 Nd4 19. Ng3 h5 20. g5 Ng8 21. h4 Be6 22. f4 Ne7 23. Ra7 Re8 24. Qf2 Qc8 25. f5 Ndxf5 26. Ngxf5+ Nxf5 27. Nxf5+ Bxf5 28. Bxd5 Re5 29. Rxf7+ Kh8 30. Be4 Qe8 31. Qf4 Rd8 32. Rf8+ Qxf8 33. Qxe5+ Qg7 34. Qxg7+ Kxg7 35. Bxf5 gxf5 36. Rxf5 b3 37. Rxc5 bxc2 38. Rxc2 Rxd3 39. b4 Rd4 40. Rb2 Rg4+ 41. Kf1 Rxh4 42. b5 Rf4+ 43. Kg2 Rf7 44. b6 Rb7 45. Kh3 Kh7 46. Kh4 Kg6 47. Rb1 Kf5 48. Rb2 Kg6 49. Rb5 Kg7 50. Kxh5 Kh7 51. g6+ Kg7 52. Kg5 Kg8 53. Kh6 Kh8 54. Rc5 Rh7+ 55. Kg5 Rb7 56. Rc8+ Kg7 57. Rc7+ 1-0

[Event "Budapest SixDays 05 GM-B"]
[Site "Budapest"]
[Date "2023.05.28"]
[Round "2"]
[White "Chubakov, Sultan"]
[Black "Sahithi Varshini, M."]
[Result "1/2-1/2"]
[WhiteElo "2235"]
[BlackElo "2249"]
[PlyCount "101"]
[EventDate "2023.05.27"]
[EventType "tourn"]
[EventRounds "9"]
[EventCountry "HUN"]
[EventCategory "6"]
[SourceTitle "CBM 214 Extra"]
[Source "ChessBase"]
[SourceDate "2023.07.31"]
[SourceVersion "1"]
[SourceVersionDate "2023.07.31"]
[SourceQuality "1"]

1. d4 Nf6 2. c4 e6 3. g3 d5 4. Nf3 Bb4+ 5. Bd2 Be7 6. Bg2 0-0 7. 0-0 c6 8. Qc2 Nbd7 9. Bf4 Nh5 10. Bc1 f5 11. e3 g5 12. b3 Ng7 13. Ne5 g4 14. Nc3 Nxe5 15. dxe5 h5 16. Ne2 Bd7 17. Nf4 Be8 18. Rd1 Qb8 19. Bb2 Bf7 20. Qc3 Rc8 21. Rac1 a5 22. cxd5 cxd5 23. Qd4 Bf8 24. Rxc8 Qxc8 25. Rc1 Qd7 26. e4 fxe4 27. Bxe4 Rc8 28. Rxc8 Qxc8 29. Bb1 Bc5 30. Qd3 Nf5 31. Nxd5 exd5 32. Qxf5 Qxf5 33. Bxf5 d4 34. Kf1 Kg7 35. Ke2 Be8 36. a4 Bf7 37. e6 Be8 38. h3 gxh3 39. Bxh3 Bg6 40. Bg2 Bc2 41. Bd5 Kf6 42. Bc4 b6 43. f4 Bf5 44. Kd2 Bb4+ 45. Ke2 Bc5 46. Kf3 Bg4+ 47. Kf2 Ke7 48. Ke1 Bb4+ 49. Kf2 Bc5 50. Ke1 Bb4+ 51. Kf2 1/2-1/2

[Event "Budapest Vezerkepzo Pentecost GM1"]
[Site "Budapest"]
[Date "2023.05.25"]
[Round "8"]
[White "Sahithi Varshini, M."]
[Black "Manish, Anto Cristiano F"]
[Result "1-0"]
[WhiteElo "2249"]
[BlackElo "2485"]
[PlyCount "105"]
[EventDate "2023.05.18"]
[EventType "tourn"]
[EventRounds "9"]
[EventCountry "HUN"]
[EventCategory "6"]
[SourceTitle "CBM 214 Extra"]
[Source "ChessBase"]
[SourceDate "2023.07.31"]
[SourceVersion "1"]
[SourceVersionDate "2023.07.31"]
[SourceQuality "1"]

1. d4 d5 2. c4 c6 3. Nf3 Nf6 4. e3 g6 5. Nc3 Bg7 6. Be2 0-0 7. 0-0 a6 8. a4 Re8 9. h3 Ne4 10. Qb3 e6 11. Bd2 Nd7 12. Rfd1 Nd6 13. a5 Qe7 14. Na4 dxc4 15. Bxc4 Nxc4 16. Qxc4 e5 17. Bb4 Qf6 18. dxe5 Nxe5 19. Nxe5 Qxe5 20. Nb6 Be6 21. Qd3 Rab8 22. Bd6 Qxb2 23. Bxb8 Rxb8 24. Rab1 Qa2 25. Nd7 Rd8 26. Rxb7 Qxa5 27. Rb8 Rxb8 28. Nxb8 Qa4 29. Nxa6 Bf8 30. Nc7 Bb3 31. Rc1 c5 32. Ne8 c4 33. Nf6+ Kh8 34. Qd4 Qc6 35. Ra1 Qc8 36. Ra7 c3 37. Rc7 Qa8 38. Rxc3 Be6 39. Ne8+ Kg8 40. Nf6+ Kh8 41. Rd3 Qc6 42. h4 h6 43. h5 Bc5 44. Qd8+ Kg7 45. Ne8+ Kh7 46. hxg6+ fxg6 47. Rc3 Bf7 48. Nf6+ Kg7 49. Nd7 Qd6 50. Rxc5 Qd1+ 51. Kh2 Qd6+ 52. Re5 h5 53. Qe7 1-0

[Event "Budapest Vezerkepzo Pentecost GM1"]
[Site "Budapest"]
[Date "2023.05.23"]
[Round "6"]
[White "Gaal, Zsoka"]
[Black "Sahithi Varshini, M."]
[Result "1-0"]
[WhiteElo "2308"]
[BlackElo "2249"]
[PlyCount "79"]
[EventDate "2023.05.18"]
[EventType "tourn"]
[EventRounds "9"]
[EventCountry "HUN"]
[EventCategory "6"]
[SourceTitle "CBM 214 Extra"]
[Source "ChessBase"]
[SourceDate "2023.07.31"]
[SourceVersion "1"]
[SourceVersionDate "2023.07.31"]
[SourceQuality "1"]

1. d4 d5 2. c4 c6 3. Nf3 Nf6 4. g3 Bf5 5. Bg2 e6 6. 0-0 Be7 7. Nc3 h6 8. Qb3 Qb6 9. c5 Qa6 10. Re1 b6 11. Bf1 Ne4 12. e3 Qc8 13. cxb6 axb6 14. Nxe4 Bxe4 15. Ne5 b5 16. Bd3 Bxd3 17. Nxd3 0-0 18. Bd2 Nd7 19. Bb4 Bxb4 20. Qxb4 Ra4 21. Qd6 Rd8 22. b3 Ra6 23. Nb4 Rb6 24. Qf4 Qb8 25. Qxb8 Nxb8 26. Rec1 Kf8 27. Rc2 Ke7 28. f3 Rc8 29. Rac1 Kd7 30. e4 Na6 31. Nd3 f6 32. Kf2 b4 33. Ke3 Nc7 34. Nc5+ Kd6 35. e5+ fxe5 36. dxe5+ Ke7 37. Na4 Ra6 38. Rxc6 Rxc6 39. Rxc6 Kd8 40. Rb6 1-0

[Event "Budapest Vezerkepzo Pentecost GM1"]
[Site "Budapest"]
[Date "2023.05.22"]
[Round "5"]
[White "Sahithi Varshini, M."]
[Black "Pap, Misa"]
[Result "0-1"]
[WhiteElo "2249"]
[BlackElo "2415"]
[PlyCount "84"]
[EventDate "2023.05.18"]
[EventType "tourn"]
[EventRounds "9"]
[EventCountry "HUN"]
[EventCategory "6"]
[SourceTitle "CBM 214 Extra"]
[Source "ChessBase"]
[SourceDate "2023.07.31"]
[SourceVersion "1"]
[SourceVersionDate "2023.07.31"]
[SourceQuality "1"]

1. e4 c5 2. Nf3 Nc6 3. d4 cxd4 4. Nxd4 g6 5. c4 Bg7 6. Be3 Nf6 7. Nc3 d6 8. Be2 0-0 9. 0-0 Bd7 10. Rc1 Nxd4 11. Bxd4 Bc6 12. f3 a5 13. b3 Nd7 14. Be3 Nc5 15. Qd2 e6 16. Bd3 Be5 17. Ne2 Qb6 18. Bc2 Rfd8 19. Qe1 Rd7 20. Qf2 Bg7 21. Rb1 Qb4 22. Bc1 Qb6 23. a3 Qc7 24. Bb2 e5 25. b4 Ne6 26. Nc3 b6 27. Nd5 Bxd5 28. cxd5 Nd4 29. Bxd4 exd4 30. Ba4 Re7 31. Bc6 Ra7 32. bxa5 Rxa5 33. a4 Rc5 34. Rfd1 f5 35. Qb2 fxe4 36. fxe4 d3 37. Qa3 Bd4+ 38. Kh1 Rc3 39. Qb4 Rxe4 40. a5 bxa5 41. Qb5 Be5 42. g3 Re2 0-1

[Event "Budapest Vezerkepzo Pentecost GM1"]
[Site "Budapest"]
[Date "2023.05.20"]
[Round "3"]
[White "Sahithi Varshini, M."]
[Black "Horvath, Adam"]
[Result "0-1"]
[WhiteElo "2249"]
[BlackElo "2472"]
[PlyCount "79"]
[EventDate "2023.05.18"]
[EventType "tourn"]
[EventRounds "9"]
[EventCountry "HUN"]
[EventCategory "6"]
[SourceTitle "CBM 214 Extra"]
[Source "ChessBase"]
[SourceDate "2023.07.31"]
[SourceVersion "1"]
[SourceVersionDate "2023.07.31"]
[SourceQuality "1"]

1. e4 c5 2. Nf3 Nc6 3. d4 cxd4 4. Nxd4 Qb6 5. Nb3 Nf6 6. Nc3 e6 7. Be3 Qc7 8. a3 a6 9. f4 d6 10. Bd3 b5 11. a4 b4 12. Ne2 Bb7 13. a5 Be7 14. 0-0 0-0 15. Ng3 Rfe8 16. Kh1 Bf8 17. Qd2 Ng4 18. Bg1 g6 19. h3 Nf6 20. Nd4 Bg7 21. Nxc6 Qxc6 22. Qxb4 h5 23. Ra4 Nd7 24. b3 f5 25. Qd2 h4 26. Ne2 Nc5 27. Bxc5 dxc5 28. Qe1 Bf6 29. Qf2 Be7 30. Ng1 Qc7 31. e5 Bc6 32. Raa1 Kg7 33. Nf3 Qb7 34. Bc4 Kf7 35. Nxh4 Rh8 36. Nf3 Rh5 37. Qe2 Rah8 38. Bxa6 g5 39. h4 Rg8 40. Kh2 0-1